[Event "European Youth Chess Championship G18"]
[Site "Prague, Top Hotel Prague"]
[Date "2016.08.19"]
[Round "2.25"]
[White "Pilsan, Martha"]
[Black "Weis, Olga"]
[Result "1/2-1/2"]
[WhiteElo "1640"]
[BlackElo "1895"]
[PlyCount "63"]
[EventDate "2016.08.18"]

1. e4 e5 2. Nf3 Nc6 3. Nc3 Nf6 4. d4 exd4 5. Nxd4 Bb4 6. Nxc6 bxc6 7. Bd3 O-O
8. O-O d5 9. exd5 cxd5 10. Bg5 Bxc3 11. bxc3 h6 12. Bh4 Qd6 13. Qf3 Bg4 14. Qg3
Qxg3 15. Bxg3 c6 16. f3 Be6 17. Rab1 Nd7 18. Bd6 Rfe8 19. Ba6 Nb6 20. Bb7 Rad8
21. Bxc6 Bd7 22. Bxd7 Rxd7 23. Bc5 Na4 24. Bd4 Rc8 25. Rb3 Rdc7 26. Rd1 Nxc3
27. Bxc3 Rxc3 28. Rxc3 Rxc3 29. Rxd5 Rxc2 30. Ra5 Rc7 31. Kf2 Re7 32. Kg3
1/2-1/2

[Event "European Youth Chess Championship G18"]
[Site "Prague, Top Hotel Prague"]
[Date "2016.08.19"]
[Round "2.26"]
[White "Verhoeff, Timardi"]
[Black "Jerabkova, Julia"]
[Result "1-0"]
[WhiteElo "1870"]
[BlackElo "1571"]
[PlyCount "93"]
[EventDate "2016.08.18"]

1. d4 d5 2. c4 c6 3. Nc3 Nf6 4. Nf3 g6 5. e3 Bf5 6. cxd5 cxd5 7. Qb3 b6 8. Ne5
e6 9. Bb5+ Nbd7 10. f3 Bg7 11. Qa4 a6 12. Bxd7+ Nxd7 13. Nxd7 b5 14. Qd1 Qxd7
15. g4 O-O 16. gxf5 exf5 17. f4 Rfe8 18. Kf2 b4 19. Na4 Qe7 20. Qf3 Rad8 21.
Nc5 a5 22. Bd2 Qc7 23. Rac1 Qb6 24. b3 Qa7 25. Rc2 Qe7 26. Rhc1 Qh4+ 27. Qg3
Qe7 28. Qf3 Qh4+ 29. Kg2 Qe7 30. Nd3 Qb7 31. Nc5 Qe7 32. Na4 Qb7 33. Rc7 Qa8
34. Qf1 Rb8 35. R1c6 Re6 36. Qc1 Rbe8 37. Rxe6 fxe6 38. Qc6 Qd8 39. Nb6 Rf8 40.
Qxe6+ Kh8 41. Qe7 Qxe7 42. Rxe7 h6 43. Nxd5 Rc8 44. Rc7 Rd8 45. Ne7 Kh7 46. Nc6
Ra8 47. d5 1-0

[Event "European Youth Chess Championship G18"]
[Site "Prague, Top Hotel Prague"]
[Date "2016.08.19"]
[Round "2.27"]
[White "Pokorna, Jana"]
[Black "Kyrkjebo, Marte B"]
[Result "0-1"]
[WhiteElo "1630"]
[BlackElo "1866"]
[PlyCount "120"]
[EventDate "2016.08.18"]

1. e4 e5 2. Nf3 Nc6 3. d4 exd4 4. Nxd4 Bc5 5. Be3 Qf6 6. c3 Nge7 7. Qd2 O-O 8.
Nxc6 Qxc6 9. Bxc5 Qxc5 10. Qd4 Qc6 11. Nd2 d5 12. Be2 Be6 13. O-O Rad8 14. Rad1
dxe4 15. Qxe4 Qxe4 16. Nxe4 Bxa2 17. Rxd8 Rxd8 18. Rd1 Rxd1+ 19. Bxd1 Bd5 20.
Nd2 Nf5 21. g3 Nd6 22. Kf1 Nc4 23. Nxc4 Bxc4+ 24. Ke1 Kf8 25. Kd2 Ke7 26. Ke3
Kd6 27. Kd4 Be6 28. Bc2 h6 29. Bd1 c5+ 30. Ke4 Bd5+ 31. Ke3 b5 32. Be2 Kc6 33.
Bd1 a5 34. Kd3 Bc4+ 35. Ke3 b4 36. cxb4 cxb4 37. b3 Be6 38. Kd4 Kb5 39. Be2+
Kb6 40. Bd1 Kc6 41. Bf3+ Kb6 42. Bd1 a4 43. bxa4 Ka5 44. Kd3 b3 45. Kc3 Kxa4
46. Kb2 Kb4 47. Be2 Kc5 48. Kc3 Kd6 49. Bd1 Ke5 50. f3 Bd5 51. Bxb3 Bxb3 52.
Kxb3 Kd4 53. Kc2 Ke3 54. f4 Kf3 55. Kd2 Kg2 56. Ke2 Kxh2 57. Kf3 Kh3 58. Kf2
Kg4 59. Kg2 h5 60. Kh2 h4 0-1

[Event "European Youth Chess Championship G18"]
[Site "Prague, Top Hotel Prague"]
[Date "2016.08.19"]
[Round "2.28"]
[White "Weaver, Lauren"]
[Black "Suchomelova, Simona"]
[Result "0-1"]
[WhiteElo "1552"]
[BlackElo "1838"]
[PlyCount "88"]
[EventDate "2016.08.18"]

1. d4 Nf6 2. Nf3 g6 3. Nc3 d5 4. Bf4 c6 5. Qd2 Bg7 6. Bh6 O-O 7. h4 Bxh6 8.
Qxh6 Ng4 9. Qd2 h5 10. Ne5 Nxe5 11. dxe5 Qc7 12. Qd4 f6 13. exf6 Rxf6 14. e4 e5
15. Qd2 d4 16. Bc4+ Kg7 17. Ne2 b5 18. Bb3 c5 19. c3 c4 20. Bd1 d3 21. Ng3 Rf4
22. Bxh5 Qe7 23. O-O-O Rxh4 24. Bf3 Bb7 25. Kb1 Nd7 26. b3 Rah8 27. Qe3 Nb6 28.
Ka1 Rxh1 29. Rxh1 Rxh1+ 30. Nxh1 cxb3 31. Qxd3 Qa3 32. Qd2 bxa2 33. Qxa2 Qc1+
34. Qb1 Qa3+ 35. Qa2 Qc1+ 36. Qb1 Qxc3+ 37. Qb2 Na4 38. Qxc3 Nxc3 39. Ng3 b4
40. Kb2 a5 41. Kb3 Kf6 42. Kc4 Ke7 43. Kd3 Kd6 44. Ne2 Ba6+ 0-1

[Event "European Youth Chess Championship G18"]
[Site "Prague, Top Hotel Prague"]
[Date "2016.08.19"]
[Round "2.29"]
[White "Maric, Sara"]
[Black "Reid, Caitlin"]
[Result "0-1"]
[WhiteElo "1829"]
[BlackElo "1439"]
[PlyCount "106"]
[EventDate "2016.08.18"]

1. d4 f5 2. c4 Nf6 3. Nc3 g6 4. Nf3 Bg7 5. Bf4 h6 6. e3 d6 7. Bd3 Nbd7 8. O-O
b6 9. e4 fxe4 10. Nxe4 Nh5 11. Bg3 Bb7 12. Nxd6+ cxd6 13. Bxg6+ Kf8 14. Bxh5
Qc7 15. Rc1 Nf6 16. Nh4 Qd7 17. Ng6+ Kg8 18. Nxh8 Kxh8 19. d5 Qf5 20. Bf7 Rf8
21. Be6 Qg6 22. Qc2 Qxc2 23. Rxc2 b5 24. b3 bxc4 25. bxc4 Ne4 26. f3 Bd4+ 27.
Kh1 h5 28. Bh4 Nf6 29. Bxf6+ Rxf6 30. Rb1 Ba6 31. h3 Rf4 32. Rb8+ Kg7 33. Rg8+
Kh6 34. Re8 Bf6 35. Kg1 Bxc4 36. a3 Rd4 37. Kf2 Kg5 38. Rg8+ Kf4 39. g3+ Ke5
40. Rc8 Bd3 41. Rd2 h4 42. g4 Bg5 43. Rd1 Bf6 44. Rc3 Bc4 45. Re3+ Kf4 46.
Rxd4+ Bxd4 47. a4 Bxe3+ 48. Kg2 Be2 49. Kh2 Bxf3 50. Bf7 Bd1 51. Be8 Kf3 52. g5
Kf2 53. Bd7 Bf4+ 0-1

[Event "European Youth Chess Championship G18"]
[Site "Prague, Top Hotel Prague"]
[Date "2016.08.19"]
[Round "2.30"]
[White "Ajanovic, Berina"]
[Black "Sajjadi, Kimiya"]
[Result "0-1"]
[WhiteElo "1377"]
[BlackElo "1828"]
[PlyCount "44"]
[EventDate "2016.08.18"]

1. d4 d5 2. c4 e6 3. Nc3 Nf6 4. Bg5 Be7 5. e3 O-O 6. Nf3 Nbd7 7. cxd5 exd5 8.
Bd3 Re8 9. O-O Nf8 10. Qc2 g6 11. Ne5 Ne6 12. f4 Ng7 13. Qf2 c6 14. Ne2 Bf5 15.
Bxf5 Nxf5 16. g4 Ne4 17. Bxe7 Qxe7 18. Qe1 Nxe3 19. Rf3 Nc2 20. Qc1 Nxa1 21.
Qxa1 f6 22. Nd3 Nd2 0-1

[Event "European Youth Chess Championship G18"]
[Site "Prague, Top Hotel Prague"]
[Date "2016.08.20"]
[Round "3.9"]
[White "Trippold, Denise"]
[Black "Asatryan, Sona"]
[Result "1-0"]
[WhiteElo "2066"]
[BlackElo "1857"]
[PlyCount "57"]
[EventDate "2016.08.18"]

1. d4 Nf6 2. c4 e6 3. g3 Bb4+ 4. Bd2 Be7 5. Bg2 O-O 6. e4 d6 7. Ne2 e5 8. O-O
Nbd7 9. Nbc3 Ne8 10. Be3 exd4 11. Nxd4 Ne5 12. b3 Ng4 13. Bc1 Bf6 14. h3 Bxd4
15. Qxd4 Ne5 16. Bb2 Bxh3 17. f4 Bxg2 18. Kxg2 Nc6 19. Qd3 Qf6 20. Rh1 Qg6 21.
Nd5 f6 22. f5 Qf7 23. Nf4 Nd8 24. Rxh7 Kxh7 25. Rh1+ Kg8 26. Ng6 Qxg6 27. fxg6
c6 28. Qf3 f5 29. Rh8+ 1-0

[Event "European Youth Chess Championship G18"]
[Site "Prague, Top Hotel Prague"]
[Date "2016.08.20"]
[Round "3.1"]
[White "Vidic, Teja"]
[Black "Osmak, Iulija"]
[Result "1-0"]
[WhiteElo "2149"]
[BlackElo "2344"]
[PlyCount "135"]
[EventDate "2016.08.18"]

1. e4 c5 2. Nf3 e6 3. d4 cxd4 4. Nxd4 a6 5. c4 Nf6 6. Nc3 Bb4 7. Qd3 d6 8. Nc2
Bxc3+ 9. Qxc3 Nxe4 10. Qxg7 Qf6 11. Qxf6 Nxf6 12. b3 b6 13. Bd3 Bb7 14. Ne3
Nbd7 15. Bb2 Rg8 16. f3 O-O-O 17. Kf2 Ne5 18. Be2 Nh5 19. g3 Nf6 20. Rhd1 Kc7
21. b4 Nfd7 22. Rac1 Nc6 23. Ba3 a5 24. bxa5 Nc5 25. axb6+ Kxb6 26. Ng4 f5 27.
Bxc5+ dxc5 28. Nf6 Rg7 29. Rxd8 Nxd8 30. Rd1 Nc6 31. Nd7+ Kc7 32. Nxc5 Bc8 33.
f4 Kb6 34. Nb3 Ra7 35. c5+ Kc7 36. Rd2 Ra3 37. Bc4 e5 38. fxe5 Nxe5 39. Bg8
Ng4+ 40. Kf3 Nf6 41. Bc4 Ra4 42. Rc2 Ng4 43. Bd5 Nf6 44. Bc4 Bb7+ 45. Ke2 Ng4
46. c6 Rxc4 47. Rxc4 Ba6 48. Kd3 Nxh2 49. Nd4 Nf1 50. Nxf5 h5 51. Kd4 Bxc4 52.
Kxc4 Kxc6 53. Kd3 Kb5 54. Ke2 Nh2 55. Ng7 Ka4 56. Nxh5 Ng4 57. Kf3 Ne5+ 58. Ke4
Ng4 59. Kf4 Nf2 60. Nf6 Nh3+ 61. Kg4 Ng1 62. Nd5 Ne2 63. Kf3 Nd4+ 64. Ke4 Ne2
65. g4 Ka3 66. Ke3 Ng1 67. Nf4 Kxa2 68. Kf2 1-0

[Event "European Youth Chess Championship G18"]
[Site "Prague, Top Hotel Prague"]
[Date "2016.08.20"]
[Round "3.2"]
[White "Khomeriki, Nino"]
[Black "Kanakova, Natalie"]
[Result "1-0"]
[WhiteElo "2338"]
[BlackElo "2179"]
[PlyCount "65"]
[EventDate "2016.08.18"]

1. d4 Nf6 2. c4 e6 3. Nf3 Bb4+ 4. Bd2 Qe7 5. Nc3 b6 6. g3 Bb7 7. Bg2 Bxc3 8.
Bxc3 Ne4 9. Rc1 d6 10. O-O Nd7 11. d5 Nxc3 12. Rxc3 e5 13. Re3 O-O 14. Nd4 a5
15. f4 Nc5 16. Nc6 Bxc6 17. dxc6 e4 18. f5 Qe5 19. b3 Rae8 20. a3 Qb2 21. Qa1
Qd2 22. Qc1 Qxc1 23. Rxc1 a4 24. b4 Nb3 25. Rd1 Re5 26. Rxe4 Rfe8 27. Rxe5 Rxe5
28. e4 Kf8 29. Kf2 Ke7 30. Ke3 Kf6 31. Bf3 b5 32. cxb5 Rxb5 33. Rxd6+ 1-0

[Event "European Youth Chess Championship G18"]
[Site "Prague, Top Hotel Prague"]
[Date "2016.08.20"]
[Round "3.3"]
[White "Unuk, Laura"]
[Black "Keetman, Maaike"]
[Result "0-1"]
[WhiteElo "2240"]
[BlackElo "2101"]
[PlyCount "132"]
[EventDate "2016.08.18"]

1. d4 Nf6 2. c4 g6 3. Nf3 Bg7 4. g3 O-O 5. Bg2 d6 6. O-O c5 7. Nc3 Nc6 8. dxc5
dxc5 9. Be3 Qa5 10. Qb3 Qb4 11. Qxb4 cxb4 12. Nb5 Bf5 13. Nfd4 Nxd4 14. Nxd4
Be4 15. f3 e5 16. Nb5 Bf5 17. g4 Bd7 18. Nxa7 e4 19. Rad1 exf3 20. exf3 Rfe8
21. Bf2 Be6 22. b3 h5 23. h3 Bh6 24. Rfe1 Bf4 25. Re2 Bd7 26. Rde1 Re6 27. Rxe6
Bxe6 28. Re2 Bd7 29. Bd4 Nh7 30. Re7 Nf8 31. Re2 Ne6 32. Bf2 Kf8 33. Bf1 Bb8
34. Nb5 Ng5 35. Kg2 hxg4 36. hxg4 Bc6 37. Bc5+ Kg7 38. Nd4 Ba7 39. Bxa7 Rxa7
40. Rd2 Ra8 41. Kg3 Ne6 42. Nxe6+ fxe6 43. g5 Ra5 44. Kg4 Rf5 45. f4 e5 46.
fxe5 Rxf1 47. e6 Re1 48. Rd6 Rxe6 49. Rxe6 Bd7 50. Kf4 Bxe6 51. Ke5 Bf5 52. Kd5
Bb1 53. Kc5 Bxa2 54. Kxb4 Kf7 55. Kc3 Bb1 56. b4 Ke6 57. Kd4 Kf5 58. c5 Kxg5
59. b5 Kf6 60. c6 b6 61. c7 Bf5 62. Kd5 Ke7 63. Kc6 Bc8 64. Kxb6 Kd6 65. Ka7
Kxc7 66. b6+ Kc6 0-1

[Event "European Youth Chess Championship G18"]
[Site "Prague, Top Hotel Prague"]
[Date "2016.08.20"]
[Round "3.4"]
[White "Paolillo, Gaia"]
[Black "Kubicka, Anna"]
[Result "0-1"]
[WhiteElo "2109"]
[BlackElo "2209"]
[PlyCount "60"]
[EventDate "2016.08.18"]

1. Nf3 Nf6 2. c4 e6 3. g3 d5 4. Bg2 dxc4 5. Qa4+ Nbd7 6. Qxc4 a6 7. Qc2 c5 8.
O-O b5 9. Ne5 Nd5 10. Nxd7 Qxd7 11. Nc3 Bb7 12. Nxd5 exd5 13. d4 c4 14. Bf4 Be7
15. Rad1 O-O 16. Rfe1 Rfe8 17. a3 a5 18. e4 Bf8 19. exd5 Bxd5 20. Bxd5 Qxd5 21.
Re5 Rxe5 22. dxe5 Qc6 23. Qf5 g6 24. Qd7 Qxd7 25. Rxd7 c3 26. bxc3 Bxa3 27. Bd2
Bb2 28. Rc7 a4 29. Be3 a3 30. e6 fxe6 0-1

[Event "European Youth Chess Championship G18"]
[Site "Prague, Top Hotel Prague"]
[Date "2016.08.20"]
[Round "3.5"]
[White "Narva, Mai"]
[Black "Egyed, Viktoria"]
[Result "1-0"]
[WhiteElo "2202"]
[BlackElo "2007"]
[PlyCount "57"]
[EventDate "2016.08.18"]

1. e4 c5 2. Nf3 e6 3. c3 Nc6 4. d4 cxd4 5. cxd4 d5 6. e5 Nge7 7. Nc3 Nf5 8. Be3
Nxe3 9. fxe3 Be7 10. Bd3 O-O 11. O-O g6 12. a3 f6 13. exf6 Bxf6 14. Qe2 Bd7 15.
Rad1 Rc8 16. Bb1 Bg7 17. Kh1 Qe7 18. Rfe1 Rce8 19. e4 dxe4 20. Qxe4 Bc8 21. d5
exd5 22. Qxd5+ Qf7 23. Qxf7+ Kxf7 24. Ba2+ Kf6 25. Ne4+ Rxe4 26. Rxe4 Kf5 27.
Bb1 Be6 28. Rd6 Ba2 29. g4# 1-0

[Event "European Youth Chess Championship G18"]
[Site "Prague, Top Hotel Prague"]
[Date "2016.08.20"]
[Round "3.6"]
[White "Gitu, Paula-Alexandra"]
[Black "Diakonova, Ekaterina"]
[Result "0-1"]
[WhiteElo "2012"]
[BlackElo "2172"]
[PlyCount "70"]
[EventDate "2016.08.18"]

1. d4 Nf6 2. Nf3 c5 3. c3 b6 4. Bf4 Bb7 5. e3 d6 6. Bd3 Nbd7 7. O-O e6 8. Qe2
Be7 9. Nbd2 O-O 10. h3 a6 11. a4 d5 12. b3 Ne4 13. Rac1 Ndf6 14. Ng5 Nxd2 15.
Qxd2 c4 16. bxc4 dxc4 17. Bxc4 Nh5 18. Be2 Nxf4 19. exf4 Bxg5 20. fxg5 Qd7 21.
Ra1 Bc6 22. a5 b5 23. f3 Bd5 24. Rfc1 Rac8 25. Bd3 Rc6 26. Qb2 Qe7 27. h4 Rfc8
28. Rc2 Qc7 29. Kf2 Qh2 30. Qc1 Qxh4+ 31. Kf1 Bc4 32. Bxc4 Rxc4 33. Ke2 Qh2 34.
Kd3 b4 35. Qb2 Rxc3+ 0-1

[Event "European Youth Chess Championship G18"]
[Site "Prague, Top Hotel Prague"]
[Date "2016.08.20"]
[Round "3.7"]
[White "Malatsilava, Volha"]
[Black "Salimova, Nurgyul"]
[Result "1-0"]
[WhiteElo "2034"]
[BlackElo "2147"]
[PlyCount "103"]
[EventDate "2016.08.18"]

1. e4 c5 2. Nf3 Nc6 3. d4 cxd4 4. Nxd4 g6 5. Nc3 Bg7 6. Be3 Nf6 7. Bc4 O-O 8.
Bb3 a5 9. O-O a4 10. Nxa4 Nxe4 11. Nb5 Ra6 12. Qe2 d6 13. c4 Nf6 14. Rfd1 Na5
15. Bc2 Be6 16. b3 Qb8 17. Rab1 Nc6 18. a3 Rd8 19. h3 Nd7 20. f4 Nf6 21. Rd2
Bf5 22. Rbd1 Bxc2 23. Rxc2 b6 24. Qf3 Rc8 25. Re2 Na5 26. Bf2 Bf8 27. Nb2 Qa8
28. Qd3 Nh5 29. g3 Bg7 30. b4 Nc6 31. Qe3 Bf6 32. Qe4 Ng7 33. g4 Ne6 34. Nd3
Ncd8 35. Qxa8 Raxa8 36. Re4 Ra6 37. Kg2 Nc6 38. g5 Bh8 39. Ne1 Ng7 40. Nf3 Nf5
41. Rd3 Nd8 42. Nxd6 exd6 43. Re8+ Kg7 44. Nd4 Rxc4 45. Nxf5+ gxf5 46. Rxd8
Rxf4 47. Bd4+ Rxd4 48. Rxd4 h6 49. g6 fxg6 50. R4xd6 Ra7 51. R6d7+ Rxd7 52.
Rxd7+ 1-0

[Event "European Youth Chess Championship G18"]
[Site "Prague, Top Hotel Prague"]
[Date "2016.08.20"]
[Round "3.8"]
[White "Saumanaite, Skaiste"]
[Black "Drogovoz, Irina"]
[Result "1/2-1/2"]
[WhiteElo "1905"]
[BlackElo "2126"]
[PlyCount "62"]
[EventDate "2016.08.18"]

1. Nf3 c5 2. c4 Nc6 3. d4 cxd4 4. Nxd4 d5 5. Nc3 dxc4 6. Nxc6 Qxd1+ 7. Nxd1
bxc6 8. e4 Be6 9. Bd2 Nf6 10. f3 Nd7 11. f4 g6 12. Bc3 f6 13. Ne3 Bh6 14. g3
Nc5 15. e5 Na4 16. exf6 Nxc3 17. bxc3 exf6 18. Bxc4 Bxc4 19. Nxc4 O-O-O 20. Rd1
Rhe8+ 21. Kf2 Bf8 22. Kf3 Bc5 23. h3 Kc7 24. g4 Rd5 25. Rhf1 Re7 26. Rh1 Re8
27. Rhf1 Re6 28. Rh1 Re7 29. Rhf1 Re6 30. Rh1 Kb7 31. Rhf1 Kc7 1/2-1/2

[Event "European Youth Chess Championship G18"]
[Site "Prague, Top Hotel Prague"]
[Date "2016.08.20"]
[Round "3.10"]
[White "Kyrkjebo, Hanna B"]
[Black "Shivacheva, Donika"]
[Result "0-1"]
[WhiteElo "1999"]
[BlackElo "2035"]
[PlyCount "116"]
[EventDate "2016.08.18"]

1. e4 e5 2. Nf3 Nc6 3. d4 exd4 4. Nxd4 Bc5 5. Nb3 Bb6 6. Nc3 Nge7 7. Qe2 d6 8.
Be3 Be6 9. O-O-O Qd7 10. g3 Ne5 11. Bg2 Bc4 12. Qd2 Ba6 13. Bxb6 axb6 14. f4
Nc4 15. Qd4 O-O 16. Rhe1 Nc6 17. Qf2 b5 18. e5 Qc8 19. exd6 Nxd6 20. Ne4 Nxe4
21. Bxe4 b4 22. Qc5 Qg4 23. Bxc6 bxc6 24. Qxc6 Be2 25. Rd2 Bf3 26. Qxc7 Rxa2
27. Rd8 Ra8 28. Rxf8+ Rxf8 29. Qe7 Qh3 30. Nd4 Bg4 31. Qxb4 Qxh2 32. Qc3 h6 33.
Qe3 Qg2 34. Rg1 Qd5 35. Nb3 Rd8 36. Qd2 Qa8 37. Qf2 Be6 38. Kb1 Qa4 39. f5 Bc4
40. Qe3 Ra8 41. Qc5 Qa2+ 42. Kc1 Bxb3 43. cxb3 Qxb3 44. g4 Ra1+ 45. Kd2 Qxb2+
46. Kd3 Ra3+ 47. Ke4 Qe2+ 48. Kd5 Rd3+ 49. Kc6 Qe8+ 50. Kb6 Qb8+ 51. Ka5 Qa8+
52. Kb6 Rb3+ 53. Kc7 Qb7+ 54. Kd6 Rb6+ 55. Ke5 Rb5 56. Qxb5 Qxb5+ 57. Ke4 Qe2+
58. Kd5 Qf2 0-1

[Event "European Youth Chess Championship G18"]
[Site "Prague, Top Hotel Prague"]
[Date "2016.08.20"]
[Round "3.11"]
[White "Georgescu, Lena"]
[Black "Dai, Irmak"]
[Result "1-0"]
[WhiteElo "2174"]
[BlackElo "1806"]
[PlyCount "43"]
[EventDate "2016.08.18"]

1. e4 c5 2. Nc3 Nc6 3. Bb5 g6 4. Bxc6 dxc6 5. f4 Bg7 6. Nf3 Nf6 7. d3 O-O 8.
O-O Qc7 9. Qe1 b6 10. Qh4 Re8 11. f5 e5 12. Bg5 Qd6 13. Bh6 Bh8 14. fxg6 fxg6
15. Ng5 Qc7 16. Rf3 Bg7 17. Bxg7 Qxg7 18. Rxf6 Qxf6 19. Qxh7+ Kf8 20. Rf1 Bf5
21. exf5 Re7 22. Ne6+ 1-0

[Event "European Youth Chess Championship G18"]
[Site "Prague, Top Hotel Prague"]
[Date "2016.08.20"]
[Round "3.12"]
[White "Cusmuliuc, Diana-Elena"]
[Black "Pychova, Nela"]
[Result "1/2-1/2"]
[WhiteElo "1945"]
[BlackElo "2072"]
[PlyCount "94"]
[EventDate "2016.08.18"]

1. f4 d5 2. Nf3 Nf6 3. e3 g6 4. b3 Bg7 5. Bb2 c5 6. Be2 Nc6 7. O-O O-O 8. Ne5
Nxe5 9. Bxe5 Bd7 10. Bf3 Bc6 11. Qe2 Qd7 12. d3 Rfd8 13. Nd2 b5 14. Rfd1 a5 15.
c4 a4 16. d4 cxd4 17. Bxd4 Qb7 18. c5 b4 19. bxa4 Rxa4 20. Nb3 Rda8 21. Qc2 e6
22. Qb2 Qe7 23. Rd2 Bb5 24. Bd1 Bc4 25. Nc1 R4a5 26. Bf3 Rb5 27. Rc2 Ra3 28.
Be2 Bxe2 29. Rxe2 Ne8 30. Nb3 Qc7 31. Rc2 Bxd4 32. Qxd4 Ng7 33. g4 Ra8 34. Rf1
Rbb8 35. Rg2 f5 36. g5 Ne8 37. Rc2 Ra6 38. Rfc1 Rba8 39. Qd2 Qa7 40. Qxb4 Nc7
41. Re2 Rb8 42. Qd2 Ra8 43. Rc2 Nb5 44. Qc1 Na3 45. Rb2 Nc4 46. Rbc2 Na3 47.
Rb2 Nc4 1/2-1/2

[Event "European Youth Chess Championship G18"]
[Site "Prague, Top Hotel Prague"]
[Date "2016.08.20"]
[Round "3.10"]
[White "Kyrkjebo, Marte B"]
[Black "Fuskova, Martina"]
[Result "1/2-1/2"]
[WhiteElo "1866"]
[BlackElo "2063"]
[PlyCount "83"]
[EventDate "2016.08.18"]

1. e4 c5 2. Nf3 Nc6 3. Bb5 g6 4. Bxc6 dxc6 5. d3 Bg7 6. h3 e5 7. a4 Ne7 8. a5
O-O 9. Be3 Qd6 10. Na3 Be6 11. Nd2 b6 12. Nac4 Qc7 13. axb6 axb6 14. O-O Rxa1
15. Qxa1 f5 16. f3 f4 17. Bf2 Qb7 18. b4 cxb4 19. Bxb6 Ra8 20. Qb2 Nc8 21. Bc5
Qb5 22. Qxb4 Qxb4 23. Bxb4 Ra2 24. Rc1 Kf7 25. Bc3 Bxc4 26. Nxc4 Ke6 27. Kf2
Ne7 28. Ke2 g5 29. Be1 Ng6 30. Kd2 Bf8 31. Bf2 Bb4+ 32. Kd1 h6 33. Rb1 Be7 34.
Kd2 Bf8 35. Kc1 Be7 36. Rb6 Kd7 37. Rb1 Ke6 38. Nd2 Ba3+ 39. Kd1 Bb2 40. Nc4
Bc3 41. Rc1 Bb4 42. Rb1 1/2-1/2

[Event "European Youth Chess Championship G18"]
[Site "Prague, Top Hotel Prague"]
[Date "2016.08.20"]
[Round "3.14"]
[White "Lingur, Zalina"]
[Black "Olechnicka, Karolina"]
[Result "1-0"]
[WhiteElo "2060"]
[BlackElo "1913"]
[PlyCount "61"]
[EventDate "2016.08.18"]

1. e4 c5 2. Ne2 d6 3. c4 g6 4. d4 cxd4 5. Nxd4 Bg7 6. Nc3 Nf6 7. Be2 Nc6 8. Be3
O-O 9. O-O Bd7 10. Qd2 Rc8 11. f3 a6 12. Rac1 Na5 13. Nd5 Nxd5 14. exd5 b6 15.
b4 Nb7 16. Rfe1 e6 17. dxe6 fxe6 18. Bd3 e5 19. Ne2 Be6 20. Be4 Qc7 21. Nc3 Qf7
22. Bd5 Bxd5 23. cxd5 b5 24. Ne4 Qd7 25. Qd3 Rxc1 26. Rxc1 Rc8 27. Rc3 Rxc3 28.
Qxc3 Kf8 29. Qc6 Ke8 30. Qxa6 h6 31. Bxh6 1-0

[Event "European Youth Chess Championship G18"]
[Site "Prague, Top Hotel Prague"]
[Date "2016.08.20"]
[Round "3.15"]
[White "Suchomelova, Simona"]
[Black "Janska, Jitka"]
[Result "0-1"]
[WhiteElo "1838"]
[BlackElo "2052"]
[PlyCount "74"]
[EventDate "2016.08.18"]

1. e4 e5 2. Nf3 Nc6 3. d4 exd4 4. Nxd4 Bb4+ 5. c3 Bc5 6. Be3 Bb6 7. Bc4 Nf6 8.
O-O Ne5 9. Be2 d5 10. Nf5 Bxf5 11. exf5 Bxe3 12. fxe3 Qd6 13. Qd4 h5 14. Qf4
O-O-O 15. Na3 Rhe8 16. Nc2 Qb6 17. Qb4 Qxb4 18. cxb4 Neg4 19. Bxg4 Nxg4 20.
Rae1 Ne5 21. b3 Rd6 22. b5 Rb6 23. a4 a6 24. Nb4 axb5 25. Nxd5 Rd6 26. e4 bxa4
27. bxa4 Nd3 28. Rd1 Nc5 29. Rc1 b6 30. f6 g6 31. a5 Kb7 32. axb6 cxb6 33. Rc4
Rxe4 34. Nxb6 Kxb6 35. Rb1+ Kc6 36. Rc2 Rxf6 37. Rcb2 Kd5 0-1

[Event "European Youth Chess Championship G18"]
[Site "Prague, Top Hotel Prague"]
[Date "2016.08.20"]
[Round "3.16"]
[White "Auvray, Honorine"]
[Black "Verhoeff, Timardi"]
[Result "0-1"]
[WhiteElo "2042"]
[BlackElo "1870"]
[PlyCount "56"]
[EventDate "2016.08.18"]

1. d4 Nf6 2. Bg5 e6 3. e4 Be7 4. Bxf6 Bxf6 5. c3 d6 6. Bd3 Nd7 7. Ne2 c5 8. Nd2
Qc7 9. O-O O-O 10. f4 Nb6 11. Rc1 Rd8 12. Nf3 c4 13. Bb1 e5 14. h3 g6 15. Qe1
Bg7 16. Qh4 Rf8 17. Ng5 h6 18. Nf3 f6 19. Qg3 g5 20. f5 h5 21. Qf2 Qf7 22. Bc2
Nd7 23. Rfd1 b5 24. Ng3 Nb6 25. b3 Bd7 26. Nd2 Kh7 27. Qe2 Be8 28. Ngf1 Rc8 {
white flag has fallen} 0-1

[Event "European Youth Chess Championship G18"]
[Site "Prague, Top Hotel Prague"]
[Date "2016.08.20"]
[Round "3.17"]
[White "Kassay, Lilla"]
[Black "Chanturia, Ani"]
[Result "0-1"]
[WhiteElo "2034"]
[BlackElo "1737"]
[PlyCount "132"]
[EventDate "2016.08.18"]

1. e4 c6 2. d4 d5 3. exd5 cxd5 4. Bd3 Nc6 5. c3 Nf6 6. Bf4 Bg4 7. Qb3 Qd7 8.
Nd2 e6 9. Ngf3 Bxf3 10. Nxf3 Bd6 11. Bxd6 Qxd6 12. O-O O-O 13. Rae1 Rab8 14.
Ne5 b5 15. f4 b4 16. Qd1 bxc3 17. bxc3 g6 18. Re3 Rfc8 19. Qe1 Qd8 20. Rh3 Rb2
21. Qg3 Ne7 22. Qg5 Nf5 23. Bxf5 exf5 24. Re1 Ng4 25. Qxd8+ Rxd8 26. Nc6 Rd7
27. Ra1 Rdb7 28. Rd3 Rb1+ 29. Rd1 Rxd1+ 30. Rxd1 Rc7 31. Nb4 Nf6 32. Rc1 a5 33.
Na6 Rc4 34. Nc5 Ne4 35. Nxe4 fxe4 36. Kf2 f5 37. Ke3 Rc7 38. Kd2 Rb7 39. Kc2
Kf7 40. Rg1 a4 41. c4 dxc4 42. Kc3 a3 43. Kxc4 Rb2 44. h3 Rxa2 45. Kb3 Rd2 46.
Kxa3 Rxd4 47. Kb3 Ke6 48. Kc3 Kd5 49. Ra1 Rd3+ 50. Kc2 Rg3 51. Rg1 Kc4 52. Kd2
Kd4 53. Ke2 e3 54. Ke1 Ke4 55. Kd1 Kxf4 56. Ke2 Ke4 57. Ke1 Kd3 58. Kd1 e2+ 59.
Ke1 f4 60. Kf2 Kd2 61. h4 h6 62. Ra1 Rxg2+ 63. Kxg2 e1=Q 64. Rxe1 Kxe1 65. Kf3
g5 66. Kg4 Ke2 0-1

[Event "European Youth Chess Championship G18"]
[Site "Prague, Top Hotel Prague"]
[Date "2016.08.20"]
[Round "3.18"]
[White "Sajjadi, Kimiya"]
[Black "Dmochowska, Agnieszka"]
[Result "0-1"]
[WhiteElo "1828"]
[BlackElo "2034"]
[PlyCount "68"]
[EventDate "2016.08.18"]

1. c4 Nf6 2. Nf3 e6 3. Nc3 d5 4. d4 c5 5. cxd5 exd5 6. g3 Nc6 7. Bg2 Be7 8. O-O
O-O 9. Bg5 cxd4 10. Nxd4 h6 11. Be3 Bg4 12. h3 Be6 13. Rc1 Qd7 14. Kh2 Ne5 15.
b3 Rfd8 16. Nxe6 fxe6 17. f4 Neg4+ 18. hxg4 Nxg4+ 19. Kg1 Nxe3 20. Qd3 Nxf1 21.
Rxf1 Bc5+ 22. Kh1 Rf8 23. Bh3 Rad8 24. f5 Qe7 25. Qc2 Bb4 26. Nd1 Rde8 27. Qd3
Kh8 28. e3 exf5 29. Bxf5 Qe5 30. Bh3 Rxf1+ 31. Qxf1 Bd6 32. Qf3 Rf8 33. Qg4 h5
34. Qg6 Rf6 0-1

[Event "European Youth Chess Championship G18"]
[Site "Prague, Top Hotel Prague"]
[Date "2016.08.20"]
[Round "3.19"]
[White "Sarnovska, Eira"]
[Black "Miljkovic, Jovana"]
[Result "0-1"]
[WhiteElo "1719"]
[BlackElo "2024"]
[PlyCount "116"]
[EventDate "2016.08.18"]

1. Nf3 c5 2. c4 Nc6 3. Nc3 e5 4. g3 g6 5. Bg2 Bg7 6. O-O Nge7 7. d3 O-O 8. a3
d6 9. Rb1 a5 10. Bd2 h6 11. Na2 Kh7 12. Qc2 Bg4 13. e3 Bf5 14. Nh4 Bg4 15. h3
Be6 16. b4 axb4 17. axb4 Qd7 18. Kh2 Nf5 19. Nf3 Ra3 20. b5 Nd8 21. Nc3 b6 22.
Ra1 Ra7 23. Qb2 Ne7 24. Rxa7 Qxa7 25. Ra1 Qd7 26. Ra6 Nc8 27. Qa3 f5 28. Ne1 e4
29. Qa2 Bxc3 30. Bxc3 d5 31. Ra8 dxc4 32. dxc4 Qf7 33. Qa6 Nb7 34. Bf1 Nbd6 35.
Nc2 Bxc4 36. Bg2 Bxb5 37. Qa1 Bc6 38. Ra6 Bb7 39. Ra2 b5 40. Ra5 Qb3 41. Ne1
Nc4 42. Ra2 b4 43. Bb2 Nxb2 44. Rxb2 Qc3 45. Qb1 Rd8 46. Rc2 Qe5 47. Qa2 Rd5
48. Bf1 Nb6 49. Qa7 Qc7 50. Ba6 Rd7 51. Bxb7 Qxb7 52. Qxb7 Rxb7 53. Rxc5 Na4
54. Rc1 b3 55. Rb1 b2 56. Nc2 Nc3 57. Na3 Nxb1 58. Nxb1 Rc7 0-1